000 00457nam a2200193Ia 4500
005 20240823054232.0
008 240823s9999||||xx |||||||||||||| ||und||
020 _a978-81-223-0802-0
041 _aENGLISH
082 _A658.4 Q3
100 _aLuis S R Vas and Anita S R Vas
245 0 _aSecrets of Leadership
250 _a1st
260 _c2013
_b"Pustak Mahal,"
500 _aYES
650 _aGeneral
_bGeneral
942 _cBK
999 _c225989
_d225989